Score 0/31 Timer 05:00
0 Plays Today
Hint Answer % Correct
Hair colorAuburn
96.7%
ChildrenArya Stark
95.5%
ChildrenSansa Stark
95.2%
ChildrenBran Stark
95%
ChildrenRobb Stark
94%
HusbandEddard Stark
93.5%
Eye colorBlue
93.2%
ChildrenRickon Stark
91.9%
Brothers-in-lawPetyr Baelish
91%
Birth nameCatelyn Tully
90.6%
Event at which she was killedRed Wedding
90%
The man who always loved her but didn't marry herPetyr Baelish
89.3%
SisterLysa Arryn
88.7%
Nickname Cat
88.1%
Brothers-in-lawJon Arryn
83.4%
BirthplaceRiverrun
82.3%
Hint Answer % Correct
BrotherEdmure Tully
80.8%
Seat of House StarkWinterfell
79.7%
NephewRobert Arryn
79.4%
First betrothedBrandon Stark
77.9%
Brothers-in-lawBrandon Stark
77.9%
Place of DeathThe Twins
76.7%
FatherHoster Tully
74.6%
Brothers-in-lawBenjen Stark
73%
Her name when she is resurrectedLady Stoneheart
71.8%
Sisters-in-lawLyanna Stark
69.6%
Son-in-lawTyrion Lannister
66.2%
Daughter-in-lawJeyne Westerling
50.8%
Sisters-in-lawRoslin Frey
40.1%
MotherMinisa Whent
28.1%
Her killerRaymund Frey
10.5%
Remove Ads.
Support Sporcle.
Get the best of Sporcle when you Go Orange. This ad-free experience offers more features, more stats, and more fun while also helping to support Sporcle. Thank you for becoming a member.

You're not logged in!

Compare scores with friends on all Sporcle quizzes.
OR
Log In

Show Comments

Extras

Top Quizzes Today


Score Distribution

Your Account Isn't Verified!

In order to create a playlist on Sporcle, you need to verify the email address you used during registration. Go to your Sporcle Settings to finish the process.

Report this User

Report this user for behavior that violates our Community Guidelines.

Details: